[Event "Challenge"]
[Site "http://www.queenalice.com/game.php?id=442551"]
[Date "2008.8.2"]
[Round "-"]
[White "Grant_Lee_Buffalo"]
[Black "ane"]
[Result "1-0"]
[WhiteElo "1788"]
[BlackElo "1427"]

1. e4 e5 2. Nf3 Nc6 3. Nc3 Bc5 4. a3 Nf6 5. h3 O-O 6. Bc4 d6 7. d3 b6 8. Na4 b5
9. Bxb5 Bd7 10. Nxc5 Rb8 11. Nxd7 Qxd7 12. Bc4 Rfe8 13. Ng5 Nd4 14. Bxf7+ Kf8
15. Bxe8 Qxe8 16. Nf3 Nc6 17. O-O Qe6 18. Ng5 Qe7 19. Be3 Nd4 20. Bxd4 Rb5 21.
Bc3 h6 22. Nf3 c6 23. Re1 g5 24. Qd2 Rc5 25. b4 Rb5 26. a4 Rb6 27. Reb1 c5 28.
bxc5 Rc6 29. cxd6 Rxd6 30. Bb4 Qe6 31. Bxd6+ Kf7 32. Nxe5+ Kg7 33. Rb7+ Nd7 34.
Qb4 a5 35. Qd4 Kf6 36. Nxd7+ Kg6 37. Nf8+ Kh5 38. Nxe6 Kh4 39. Rh7 g4 40. Rxh6#
1-0

[Event "rafajeff"]
[Site "http://www.queenalice.com/game.php?id=448835"]
[Date "2008.8.15"]
[Round "2"]
[White "ane"]
[Black "Andre2000"]
[Result "0-1"]
[WhiteElo "1452"]
[BlackElo "1480"]

1. e4 e5 2. Nf3 Qf6 3. Bc4 h6 4. Nc3 c6 5. O-O b5 6. Bb3 d6 7. Re1 Qg6 8. d3 Bh3
9. Nh4 Qg4 10. Qxg4 Bxg4 11. f3 g5 12. Nf5 Bxf5 13. exf5 a5 14. f4 f6 15. fxe5
fxe5 16. d4 Nf6 17. a4 b4 18. Ne2 Bg7 19. Rd1 Ra7 20. Rd3 e4 21. Re3 d5 22. Bd2
Ng4 23. Rh3 Nf6 24. c4 Re7 25. cxd5 cxd5 26. Rc1 O-O 27. Rc5 g4 28. Re3 Kh7 29.
Rxa5 h5 30. h3 Bh6 31. Bxb4 Rc7 32. Bxf8 Bxe3+ 33. Kh2 Nc6 34. Ra6 Kg8 35. Ra8
Kf7 36. Bd6 Rb7 37. Rf8+ Kg7 38. Rc8 Na5 39. Bc2 Rxb2 40. Rc7+ Kg8 41. Rc8+ Kf7
42. Rf8+ Kg7 43. Be7 Nd7 44. f6+ Nxf6 45. Rxf6 Rxc2 46. Nf4 Bxf4+ 47. Rxf4 e3
48. Bf6+ Kg6 49. Kg3 Nc4 50. hxg4 e2 51. gxh5+ Kh7 52. Kf2 Ne3 53. Rg4 Nxg4+ 54.
Kf3 e1=Q 55. Kxg4 Rxg2+ 56. Kf5 Qe4# 0-1

[Event "Challenge"]
[Site "http://www.queenalice.com/game.php?id=451618"]
[Date "2008.8.21"]
[Round "-"]
[White "ane"]
[Black "Caduh"]
[Result "1-0"]
[WhiteElo "1417"]
[BlackElo "995"]

1. e4 e5 2. Nf3 Nf6 3. Bc4 Na6 4. O-O Bb4 5. a3 Bc5 6. d3 O-O 7. Nxe5 d6 8. Nf3
Bg4 9. h3 Bxf3 10. gxf3 Nd7 11. Nc3 Kh8 12. d4 Bb6 13. Be3 Ba5 14. f4 Nac5 15.
dxc5 dxc5 16. Qd5 Re8 17. Rae1 c6 18. Qd6 Rxe4 19. b3 Bxc3 20. f3 Rxc4 21. bxc4
a5 22. Rd1 b5 23. Qxc6 Ra7 24. Rd5 b4 25. axb4 Qb8 26. b5 Nf6 27. Rd6 Qe8 28.
Qxc5 Ra8 29. Rb1 Qxe3+ 30. Qxe3 Nh5 31. Rbd1 a4 32. Rd8+ Rxd8 33. Rxd8# 1-0

[Event "Challenge"]
[Site "http://www.queenalice.com/game.php?id=452151"]
[Date "2008.8.22"]
[Round "-"]
[White "ane"]
[Black "cesarcalegari"]
[Result "1-0"]
[WhiteElo "1425"]
[BlackElo "1358"]

1. e4 e5 2. Bc4 Nh6 3. d3 c6 4. Nf3 b5 5. Bb3 Na6 6. O-O Qf6 7. Bg5 Qd6 8. Nc3
f6 9. Be3 Qe6 10. Bxe6 dxe6 11. b3 f5 12. Nxe5 Bb7 13. Bg5 Nb4 14. a3 Na6 15. d4
Rd8 16. d5 cxd5 17. Qh5+ g6 18. Nxg6 Kd7 19. Ne5+ Kc8 20. Nxb5 Bg7 21. f4 dxe4
22. c4 e3 23. Rfe1 Bf8 24. Rxe3 Bc5 25. Re1 Rd2 26. Qxh6 Rhd8 27. Kf1 Bxe3 28.
Qxe6+ Kb8 29. Nd7+ Kc8 30. Bxd8 Kxd8 31. Qxe3 Bxg2+ 32. Kg1 Ra2 33. Qxa7 Nb4 34.
Qc7# 1-0

[Event "Challenge"]
[Site "http://www.queenalice.com/game.php?id=452826"]
[Date "2008.8.24"]
[Round "-"]
[White "ane"]
[Black "cesarcalegari"]
[Result "1-0"]
[WhiteElo "1438"]
[BlackElo "1362"]

1. e4 e5 2. d3 Nc6 3. Nf3 g6 4. Be2 Bc5 5. O-O Nf6 6. b3 Bb4 7. a3 Ba5 8. Bb2 d6
9. c3 Bb6 10. d4 Rg8 11. Bd3 Qd7 12. d5 h6 13. Bb5 Qg4 14. g3 Qh3 15. dxc6 Rb8
16. cxb7+ Bd7 17. c4 g5 18. Nc3 c6 19. Ba6 Bg4 20. Qxd6 Rg6 21. Qxb8+ Bd8 22.
Qxe5+ Be7 23. b8=Q+ Kd7 24. Rfd1+ Bd6 25. Qexd6# 1-0

[Event "Challenge"]
[Site "http://www.queenalice.com/game.php?id=454140"]
[Date "2008.8.26"]
[Round "-"]
[White "ane"]
[Black "ray"]
[Result "0-1"]
[WhiteElo "1448"]
[BlackElo "1643"]

1. e4 c5 2. Bc4 Nf6 3. Nf3 d6 4. O-O g6 5. Nc3 Bg7 6. d3 O-O 7. Ng5 e6 8. Bf4
Nh5 9. Be3 f5 10. exf5 d5 11. Bb3 b6 12. a4 Rxf5 13. h4 Nd7 14. g4 Rf6 15. gxh5
Qc7 16. Qg4 Ne5 17. Qh3 Bh6 18. f4 Nc6 19. Nb5 Qd7 20. Rae1 Qe7 21. hxg6 e5 22.
f5 hxg6 23. Bxd5+ Kg7 24. h5 Bxf5 25. Qh4 a6 26. Ne6+ Kh7 27. Rf3 Nd8 28. Bxa8
Nxe6 29. Nc3 Nf4 30. Bxf4 gxh5 31. Nd5 Rg6+ 32. Bg3 Qxh4 33. Kf1 Bh3+ 34. Ke2
Rxg3 35. Rf7+ Bg7 36. Kd1 Bg4+ 37. Kc1 Qg5+ 38. Ne3 Be6 39. Be4+ Kh6 40. Ra7
Rxe3 41. Rd1 Re1+ 42. Kb1 Rxd1# 0-1

[Event "Challenge"]
[Site "http://www.queenalice.com/game.php?id=454141"]
[Date "2008.8.26"]
[Round "-"]
[White "ane"]
[Black "marlon2006"]
[Result "0-1"]
[WhiteElo "1451"]
[BlackElo "2013"]

1. e4 e5 2. Nf3 Nc6 3. Bc4 h6 4. O-O Nf6 5. Nc3 a6 6. Re1 d6 7. b3 Be7 8. Ba3
Na5 9. Bd3 Be6 10. b4 Nc4 11. Re2 Nxa3 12. Qc1 Nc4 13. g3 c6 14. Re1 Ng4 15. Rf1
Nf6 16. Be2 b5 17. d3 Nb6 18. Bd1 Bh3 19. Re1 Ng4 20. Re2 Qd7 21. Nb1 Nf6 22. c4
Qg4 23. Re3 bxc4 24. dxc4 Nxe4 25. Nbd2 Nxd2 26. Qxd2 Qxc4 27. a3 Qf1# 0-1

[Event "Challenge"]
[Site "http://www.queenalice.com/game.php?id=454174"]
[Date "2008.8.26"]
[Round "-"]
[White "ane"]
[Black "cesarcalegari"]
[Result "1-0"]
[WhiteElo "1449"]
[BlackElo "1356"]

1. e4 e5 2. Nf3 d6 3. Bc4 Nh6 4. Nc3 Ng4 5. O-O Qf6 6. Nd5 Qh6 7. h3 Nf6 8. Ne3
g5 9. Nf5 Qh5 10. Nh2 Qg6 11. f3 Nc6 12. b3 Ne7 13. Ba3 Nxf5 14. exf5 Bxf5 15.
Re1 Bxc2 16. Qe2 d5 17. Qxe5+ Kd8 18. Bxf8 Rxf8 19. Qe7+ Kc8 20. Qxf8+ Kd7 21.
Qxa8 Nh5 22. Qe8+ Kd6 23. Qd8+ Kc6 24. Qxd5+ Kb6 25. Qb5# 1-0

[Event "Challenge"]
[Site "http://www.queenalice.com/game.php?id=455396"]
[Date "2008.8.29"]
[Round "-"]
[White "ane"]
[Black "cesarcalegari"]
[Result "1-0"]
[WhiteElo "1437"]
[BlackElo "1305"]

1. e4 e5 2. Nc3 Nc6 3. Nf3 h5 4. g3 g6 5. Bc4 f5 6. d3 Nf6 7. Bg5 Qe7 8. Nb5 a6
9. Nxc7+ Kd8 10. Nxa8 Bh6 11. Rb1 b5 12. Bb3 Bf8 13. a4 Na5 14. Ba2 Bb7 15. Nb6
Qd6 16. Be3 Ng4 17. Bg5+ Ke8 18. h3 fxe4 19. O-O Nf6 20. Nh4 Qxb6 21. Nxg6 Rg8
22. Qd2 Rxg6 23. b4 Nc6 24. c3 Nh7 25. Bh4 Ng5 26. Kh1 Ne7 27. Bxg5 Nd5 28. Rbe1
Nf6 29. dxe4 Qe6 30. Bxe6 dxe6 31. axb5 axb5 32. Ra1 Kf7 33. Ra7 Kg8 34. Rxb7
Ne8 35. Qd8 Ng7 36. Rd1 Kh7 37. Rdd7 Rxg5 38. Qxg5 h4 39. Rxg7+ Bxg7 40. Qxg7#
1-0

[Event "Challenge"]
[Site "http://www.queenalice.com/game.php?id=461749"]
[Date "2008.9.11"]
[Round "-"]
[White "ane"]
[Black "Tlaloc2k"]
[Result "0-1"]
[WhiteElo "1426"]
[BlackElo "1605"]

1. e4 e5 2. Nf3 d6 3. Nc3 f5 4. g3 Be6 5. Bd3 Nd7 6. exf5 Bf7 7. O-O Ndf6 8. Re1
Ne7 9. b3 Ned5 10. Nb5 c6 11. Nc3 Be7 12. Ba3 b5 13. Bb2 O-O 14. a4 b4 15. Ne2
a5 16. h3 Qd7 17. c4 e4 18. Bc2 exf3 19. Nf4 Nxf4 20. gxf4 Bh5 21. d3 d5 22.
cxd5 cxd5 23. d4 Ne4 24. Qd3 Qxf5 25. Bd1 Qxh3 26. Rf1 Qg2# 0-1

[Event "Challenge"]
[Site "http://www.queenalice.com/game.php?id=463007"]
[Date "2008.9.14"]
[Round "-"]
[White "ane"]
[Black "cesarcalegari"]
[Result "0-1"]
[WhiteElo "1440"]
[BlackElo "1313"]

1. e4 e5 2. Bc4 Qf6 3. Nf3 c6 4. d3 Bc5 5. O-O Nh6 6. Bg5 Qg6 7. Qd2 f6 8. Nh4
Qh5 9. Be3 Qxh4 10. Bxc5 Ng4 11. h3 Na6 12. Ba3 g6 13. b4 b5 14. Bb3 d5 15. exd5
Nh6 16. Nc3 Bxh3 17. gxh3 Qxh3 18. dxc6 Ng4 19. Nxb5 Qh2# 0-1

[Event "Challenge"]
[Site "http://www.queenalice.com/game.php?id=463560"]
[Date "2008.9.15"]
[Round "-"]
[White "ane"]
[Black "cesarcalegari"]
[Result "1-0"]
[WhiteElo "1419"]
[BlackElo "1288"]

1. e4 e5 2. Nf3 Nf6 3. Nc3 c6 4. Bc4 Bc5 5. O-O Nh5 6. Nxe5 Qg5 7. d4 Qh4 8. Nf3
Qg4 9. dxc5 Nf4 10. Bxf4 Qxf4 11. Ne2 Qxe4 12. b3 d5 13. Bd3 Qe6 14. Qd2 h5 15.
Rae1 Rh6 16. Nf4 Qe7 17. Rxe7+ Kxe7 18. Re1+ Kd8 19. Qe2 Kc7 20. Qe8 Nd7 21.
Qxf7 Rh7 22. Bxh7 b6 23. Bf5 bxc5 24. Ne5 Rb8 25. Nxd7 Bxd7 26. Ne6+ Kd6 27. Rd1
Re8 28. Nf8 Re7 29. Qg6+ Kc7 30. Nxd7 Rxd7 31. Re1 d4 32. Qg3+ Rd6 33. Qxg7+ Kb6
34. a4 Rd5 35. Be4 Rd6 36. Qf8 Re6 37. Qd8+ Kb7 38. Qd7+ Kb6 39. Qxe6 Ka5 40.
Qxc6 Kb4 41. Qb5+ Kc3 42. Qxc5+ Kb2 43. c3 Kxb3 44. Rb1+ Kxa4 45. Qb4# 1-0

[Event "Challenge"]
[Site "http://www.queenalice.com/game.php?id=468788"]
[Date "2008.9.26"]
[Round "-"]
[White "ane"]
[Black "Caduh"]
[Result "1-0"]
[WhiteElo "1430"]
[BlackElo "988"]

1. e4 e5 2. Nf3 Nf6 3. Bc4 Nxe4 4. O-O Bc5 5. d3 O-O 6. dxe4 Na6 7. Bg5 Qe8 8.
Nc3 Kh8 9. b3 Nb4 10. a3 Nc6 11. Nd5 f6 12. Bd2 g5 13. Nxc7 Qe7 14. Nxa8 Nd4 15.
Ne1 d6 16. b4 Bb6 17. c3 h6 18. Qh5 Ne2+ 19. Bxe2 d5 20. exd5 a5 21. Nxb6 Bd7
22. f4 Qg7 23. Nxd7 Qxd7 24. fxe5 fxe5 25. Rxf8+ Kh7 26. Nf3 Qxd5 27. Qf7+ 1-0

[Event "Challenge"]
[Site "http://www.queenalice.com/game.php?id=474049"]
[Date "2008.10.7"]
[Round "-"]
[White "ane"]
[Black "cesarcalegari"]
[Result "1-0"]
[WhiteElo "1430"]
[BlackElo "1250"]

1. e4 e5 2. Nf3 Bc5 3. Nc3 c6 4. Bc4 Qf6 5. Qe2 Nh6 6. d3 a6 7. Bg5 Qg6 8. Qd2
Ng4 9. Rf1 b5 10. Bb3 O-O 11. O-O-O b4 12. Na4 Bd6 13. Nb6 Ra7 14. Nc4 Bc5 15.
h3 Nf6 16. Nfxe5 Qh5 17. f3 Re8 18. g4 Qxh3 19. d4 Be7 20. a4 d6 21. Nd3 d5 22.
Nb6 dxe4 23. Rh1 Qxf3 24. Nxc8 Rxc8 25. Ne5 Qg3 26. Rdg1 e3 27. Qe2 Qf2 28.
Bxf7+ Kf8 29. Qc4 Ne4 30. Nd3 Qd2+ 31. Kb1 Nd6 32. Qe6 Rd8 33. Qxe7+ Rxe7 34.
Bb3 Ne4 35. Rf1+ Ke8 36. Re1 Qg2 37. Bxe3 Rf7 38. Ne5 Nd2+ 39. Kc1 Rf3 40. Nxf3
Nxf3 41. Ref1 Qe2 42. Bf2 Nd2 43. Re1 Nxb3+ 44. cxb3 Kf8 45. Rxe2 Rc8 46. Rxh7
Kf7 47. Rc2 Rd8 48. Bh4 Rxd4 49. Rc4 Rd5 50. Rf4+ Ke6 51. Re4+ Kd6 52. Rxg7 Kc5
53. Bf2+ Kd6 54. Bg3+ Kc5 55. Bxb8 Kb6 56. Rc4 c5 57. Rg6+ Kb7 58. Bf4 Rd3 59.
Rg7+ Kc6 60. Kc2 Rg3 61. Bxg3 a5 62. Re4 Kd5 63. Re5+ Kd4 64. Rd7# 1-0

[Event "Challenge"]
[Site "http://www.queenalice.com/game.php?id=481051"]
[Date "2008.10.22"]
[Round "-"]
[White "ane"]
[Black "Tlaloc2k"]
[Result "0-1"]
[WhiteElo "1439"]
[BlackElo "1623"]

1. e4 e5 2. Nf3 d6 3. Nc3 f5 4. d3 f4 5. Bd2 g5 6. Qe2 g4 7. Ng1 Nc6 8. O-O-O
Nd4 9. Qe1 Be6 10. Nge2 Qf6 11. g3 Nf3 12. Nd5 Bxd5 13. Nc3 Nxe1 14. Rxe1 Bc6
15. Bg2 O-O-O 16. gxf4 exf4 17. f3 Nh6 18. fxg4 Nxg4 19. Ref1 Bh6 20. h3 Ne5 21.
h4 f3 22. Bh3+ Bd7 23. Nd5 Bxd2+ 24. Kxd2 Qh6+ 25. Ne3 Bxh3 26. Rxh3 Rhf8 27. d4
Ng4 28. Rhxf3 Nxe3 29. R1f2 Ng4+ 30. Ke1 Qc1+ 31. Ke2 Qxc2+ 32. Kf1 Nxf2 33. Kg2
Nxe4+ 34. Kh3 Rxf3+ 35. Kg4 Qg2+ 36. Kh5 Qg6# 0-1

[Event "rafajeff"]
[Site "http://www.queenalice.com/game.php?id=482027"]
[Date "2008.10.24"]
[Round "3"]
[White "ane"]
[Black "rafajeff"]
[Result "0-1"]
[WhiteElo "1392"]
[BlackElo "1716"]

1. e4 e5 2. Nf3 Nc6 3. Bd3 Bc5 4. O-O d6 5. Nc3 Be6 6. b3 g6 7. Bb2 h5 8. a3 Bg4
9. Nd5 a6 10. h3 Be6 11. b4 Bb6 12. h4 Bg4 13. Qe1 Bxf3 14. gxf3 Qxh4 15. Nxc7+
Bxc7 16. f4 Nh6 17. Qe2 Ng4 18. f3 Qg3+ 19. Qg2 Qxf4 20. Be2 Nf6 21. Rae1 Ke7
22. Bd3 Qh4 23. Rf2 Bb6 24. Re2 g5 25. Kf1 g4 26. Bd4 Bxd4 27. c3 Bxf2 28. Rxf2
Rhg8 29. fxg4 Rxg4 30. Qf3 Rf8 31. Qxf6+ Qxf6 32. Rxf6 Kxf6 33. Be2 Rh4 34. Kf2
Rg8 35. c4 Rf4+ 36. Ke3 Rg3+ 37. Bf3 Rgxf3+ 0-1

[Event "Challenge"]
[Site "http://www.queenalice.com/game.php?id=492661"]
[Date "2008.11.13"]
[Round "-"]
[White "ane"]
[Black "cesarcalegari"]
[Result "0-1"]
[WhiteElo "1432"]
[BlackElo "1281"]

1. Nf3 Nc6 2. d3 e5 3. Bg5 f6 4. Be3 b6 5. Nc3 d5 6. Nb5 a6 7. Na3 d4 8. Bd2 g5
9. h3 Nh6 10. g4 f5 11. Bxg5 Qd5 12. c4 Qa5+ 13. Nd2 Nf7 14. Bf6 Rg8 15. Bg2 Bb7
16. O-O Rg6 17. g5 Nxg5 18. Bh8 e4 19. Nb3 Nxh3+ 20. Kh2 Bd6+ 21. Kxh3 Qe5 22.
dxe4 fxe4 23. Bxe5 Nxe5 24. f3 Bc8+ 25. Kh2 Nxf3+ 26. Kh1 Rh6+ 27. Bh3 Rxh3+ 28.
Kg2 Rh2# 0-1

[Event "Challenge"]
[Site "http://www.queenalice.com/game.php?id=509142"]
[Date "2008.12.17"]
[Round "-"]
[White "ane"]
[Black "ray"]
[Result "0-1"]
[WhiteElo "1389"]
[BlackElo "1597"]

1. e4 c5 2. Nf3 Nc6 3. b3 d6 4. Be2 g6 5. O-O Bg7 6. Nc3 Nf6 7. d3 O-O 8. Ba3
Be6 9. Rb1 b6 10. Ng5 Nd4 11. Nf3 Nxe2+ 0-1

[Event "Challenge"]
[Site "http://www.queenalice.com/game.php?id=513014"]
[Date "2008.12.26"]
[Round "-"]
[White "ane"]
[Black "samuelrmgs"]
[Result "0-1"]
[WhiteElo "1412"]
[BlackElo "1323"]

1. e4 e5 2. Nf3 Nf6 3. Bd3 Bd6 4. O-O Bc5 5. Nc3 d6 6. b3 Bg4 7. h3 Bh5 8. Bb2
Qd7 9. a4 a6 10. Qe1 h6 11. g4 Bg6 12. Nd5 Qe6 13. Nxc7+ Kd7 14. Nxe6 Kxe6 15.
Bc4+ Kd7 16. Rd1 Nc6 17. g5 hxg5 18. Nxg5 Rae8 19. Nxf7 Rhf8 20. d4 exd4 0-1